F4 - Stasjoner - Statistics

General Stats
  • This quiz has been taken 2 times
  • The average score is 18 of 23
Answer Stats
Linje Stasjon % Correct
F4 Ål
100%
L4 Arna
100%
F4 Arna
100%
L4 Bergen
100%
F4 Bergen
100%
F4 Drammen
100%
F4 Finse
100%
F4 Geilo
100%
F4 Gol
100%
F4 Hønefoss
100%
F4 Myrdal
100%
F4 Oslo S
100%
F4 Sandvika
100%
F4 Voss
100%
F4 Asker
50%
F4 Dale
50%
F4 Flå
50%
F4 Hallingskeid
50%
F4 Hokksund
50%
F4 Nesbyen
50%
F4 Ustaoset
50%
F4 Vikersund
50%
F4 Haugastøl
0%
No matching quizzes found
Score Distribution
Percent of People with Each Score
Percentile by Number Answered
Your Score History
You have not taken this quiz